História daňového zaťaženia od roku 1993 bakalárska práca

Salvato in:
Dettagli Bibliografici
Autore principale: Banduričová, Júlia
Ente Autore: Národohospodárska fakulta EU. Katedra financií
Altri autori: Rimeš, Michal, 1996-
Natura: Libro
Lingua:slovacco
Pubblicazione: Bratislava 2024
Tags: Aggiungi Tag
Nessun Tag, puoi essere il primo ad aggiungerne!!

MARC

LEADER 00000nbm a2200000 4500
001 0301605
005 20250528101831.8
041 0 |a slo 
044 |a SK 
245 1 0 |a História daňového zaťaženia od roku 1993  |b bakalárska práca  |c Júlia Banduričová ; školiteľ: Michal Rimeš 
264 1 |a Bratislava  |c 2024 
300 |a 34 s. 
100 1 |a Banduričová, Júlia 
700 1 |a Rimeš, Michal, 1996- 
710 2 |a Národohospodárska fakulta EU. Katedra financií